00602nam a2200181Ia 4500003000400000008004100004020001500045040000800060100001600068245006100084260004300145300001400188440006600202901002100268942001200289952010200301999001700403LDD181029s9999 xx 000 0 und d a080532397x cLDD aDoniach, S. 0aGreen's functions for solid state physicistscS. Doniach aMassachusettsbBenjamin/Cummingsc1974 axix, 266p aFrontiers in physics: a lecture note and reprint seriesv v.4 a2126b02-01-2001 2ddccBK 00102ddc4070932873aLDDbLDDd2018-11-01l0o530.41 D717Gp016190r2018-11-01w2018-11-01yBK c32874d32874